000 01280cam a2200253 4500
001 E128243
008 000000n2004 000 0 eng u
035 _a(Sirsi) u128243
041 _aeng
050 _a692.209411
_c18
110 _aScottish Building Standards Agency
_94655
245 0 4 _aThe Scottish Building Standards procedural handbook
260 _aEdinburgh
_bSBSA
_c2004
300 _avi, 79p.
_c30cm.
520 _aExplains the procedures set up by the Building (Scotland) Act 2003 and the Building (Procedure) (Scotland) Regulations 2004. The purpose of the Handbook is to clarify the intent of the procedure regulations and expand upon the procedures set out by the Act. Unlike the Technical Handbooks and other guidance documents issued by Scottish Ministers to support the building regulations, this handbook has no specific legal status, but is designed to aid the practical operation of the procedures.
520 _aSuperseded by Second edition (E137907).
650 _aSCOTTISH BUILDING REGULATIONS
650 _aSCOTTISH BUILDING STANDARDS
650 _aBUILDING (SCOTLAND) ACT 2003
650 _aSCOTLAND
690 _aBUILT ENVIRONMENT-BUILDING STANDARDS
856 _ahttp://www.scotland.gov.uk/Resource/Doc/217736/0092355.pdf
942 _n0
999 _c103878
_d103878